[Event "FIDE World Uni Rapid-D 1st"]
[Site "Tornelo INT"]
[Date "2021.03.21"]
[Round "7"]
[White "Korniotis, Filippos"]
[Black "Pheng, Wissam"]
[Result "1-0"]
[WhiteElo "2133"]
[BlackElo "1739"]
[PlyCount "67"]
[EventDate "2021.03.20"]
[EventType "swiss (rapid)"]
[EventRounds "12"]
[EventCountry "NET"]
[SourceTitle "EXT 2022"]
[Source "ChessBase"]
[SourceDate "2021.10.06"]
[SourceVersion "1"]
[SourceVersionDate "2021.10.06"]
[SourceQuality "1"]

1. d4 d5 2. c4 c6 3. cxd5 cxd5 4. Bf4 Qb6 5. Nc3 Nf6 6. e3 Bd7 7. Bd3 Qxb2 8. Nge2 Qa3 9. Rb1 Bc6 10. 0-0 e6 11. Nb5 Bxb5 12. Bxb5+ Nbd7 13. Qc2 Bb4 14. Qc7 Rd8 15. Qxb7 Ba5 16. Qa6 Bb4 17. Ba4 0-0 18. Rb3 Qxa2 19. Rxb4 Nb6 20. Bb5 Qd2 21. Rbb1 Ne4 22. Rfd1 Qc2 23. Bd3 Qc6 24. Rdc1 Qd7 25. Rc7 Qe8 26. Bb5 Nd7 27. f3 Nef6 28. Bd6 g5 29. Qa4 Nb6 30. Qxa7 Nfd7 31. Bc6 f5 32. Rxb6 Qh5 33. Bxd7 g4 34. Bxe6+ 1-0

[Event "FIDE World Uni Rapid-D 1st"]
[Site "Tornelo INT"]
[Date "2021.03.20"]
[Round "5"]
[White "Korniotis, Filippos"]
[Black "Muha, Miljenko"]
[Result "0-1"]
[WhiteElo "2133"]
[BlackElo "2290"]
[PlyCount "136"]
[EventDate "2021.03.20"]
[EventType "swiss (rapid)"]
[EventRounds "12"]
[EventCountry "NET"]
[SourceTitle "EXT 2022"]
[Source "ChessBase"]
[SourceDate "2021.10.06"]
[SourceVersion "1"]
[SourceVersionDate "2021.10.06"]
[SourceQuality "1"]

1. d4 d5 2. c4 e6 3. Nc3 Bb4 4. e3 Nf6 5. Bd3 0-0 6. Nge2 c5 7. a3 Bxc3+ 8. Nxc3 cxd4 9. exd4 dxc4 10. Bxc4 Nbd7 11. 0-0 Nb6 12. Ba2 h6 13. Qd3 Bd7 14. Bf4 Bc6 15. Rac1 Rc8 16. Rfe1 Nbd5 17. Be5 Re8 18. Nxd5 Nxd5 19. Bb1 f5 20. f3 Qg5 21. Bg3 Rcd8 22. Ba2 Kh8 23. Rc5 a6 24. Re5 Qf6 25. Bb1 Ne7 26. Qe2 Ng6 27. Rc1 Nxe5 28. Bxe5 Qf7 29. Qd3 Rc8 30. Rc3 Bd5 31. Qd2 Kg8 32. Qc1 Qd7 33. Bd3 Rxc3 34. bxc3 b5 35. a4 bxa4 36. c4 Rc8 37. c5 Qb7 38. Qf1 Ra8 39. Qc1 Qb3 40. Bb1 a3 41. Qe1 a2 42. Bxa2 Qxa2 43. Qg3 Ra7 44. h4 Qa4 45. Qg6 Qd7 46. Bf4 Qf7 47. Qg3 Kh8 48. h5 Qxh5 49. Bxh6 Rb7 50. Bf4 a5 51. Be5 a4 52. c6 Bxc6 53. d5 Bxd5 54. Bd4 a3 55. Qd6 a2 56. Kf2 Qh4+ 57. Ke3 Qh6+ 58. Ke2 Qh1 59. Qd8+ Kh7 60. Kf2 Qh6 61. Ke2 Rb4 62. Bc3 Rc4 63. Be5 Rc1 64. Qa5 Qh1 65. Qa7 Qe1+ 66. Kd3 Qxe5 67. f4 Qc3+ 68. Ke2 Rc2+ 0-1

[Event "FIDE World Uni Blitz-A 1st"]
[Site "Tornelo INT"]
[Date "2021.03.13"]
[Round "8.13"]
[White "Korniotis, Filippos"]
[Black "Antolak, Julia"]
[Result "1-0"]
[WhiteElo "2133"]
[BlackElo "2306"]
[PlyCount "57"]
[EventDate "2021.03.13"]
[EventType "swiss (blitz)"]
[EventRounds "10"]
[EventCountry "NET"]
[SourceTitle "EXT 2022"]
[Source "ChessBase"]
[SourceDate "2021.10.06"]
[SourceVersion "1"]
[SourceVersionDate "2021.10.06"]
[SourceQuality "1"]

1. d4 Nf6 2. c4 c5 3. d5 b5 4. cxb5 a6 5. bxa6 g6 6. Nc3 Bg7 7. e4 0-0 8. Nf3 Qa5 9. a7 Rxa7 10. Bd2 d6 11. Nb5 Qb6 12. Nxa7 Qxa7 13. Bd3 Nbd7 14. 0-0 Bb7 15. Bc3 Rb8 16. Qe2 Bc8 17. a4 Bf8 18. h3 Nb6 19. a5 Nbd7 20. Rfb1 c4 21. Bxc4 Nc5 22. e5 dxe5 23. Bxe5 Ra8 24. b4 Ncd7 25. Bd4 Qb8 26. b5 Bb7 27. a6 Bxd5 28. b6 Be4 29. b7 1-0

[Event "GRE-chT Online Rapid op 1st"]
[Site "Tornelo INT"]
[Date "2021.02.21"]
[Round "5.22"]
[White "Korniotis, Filippos"]
[Black "Gkavardinas, Christos Konstantin"]
[Result "1-0"]
[WhiteElo "2133"]
[BlackElo "1353"]
[PlyCount "57"]
[EventDate "2021.02.20"]
[EventType "team-swiss (rapid)"]
[EventRounds "9"]
[EventCountry "GRE"]
[SourceTitle "EXT 2023"]
[Source "ChessBase"]
[SourceDate "2022.10.05"]
[SourceVersion "1"]
[SourceVersionDate "2022.10.05"]
[SourceQuality "1"]

1. d4 d5 2. c4 e6 3. Nc3 Nf6 4. cxd5 exd5 5. Bg5 c6 6. e3 Nbd7 7. Bd3 Bb4 8. Qc2 Qa5 9. Nge2 0-0 10. 0-0 h6 11. Bh4 Re8 12. a3 Bd6 13. Rae1 Qc7 14. Bg3 Bxg3 15. Nxg3 Nf8 16. f3 b6 17. e4 dxe4 18. fxe4 Qd6 19. Qf2 Qc7 20. e5 Nd5 21. Nxd5 cxd5 22. Rc1 Qb7 23. Nh5 Nh7 24. Qg3 Ng5 25. h4 Ne6 26. Bf5 Kh8 27. Bxe6 fxe6 28. Qg6 Re7 29. Rf8# 1-0

[Event "Anogia op 8th"]
[Site "Anogia"]
[Date "2019.08.24"]
[Round "8"]
[White "Bogdanov, Egor"]
[Black "Korniotis, Filippos"]
[Result "1-0"]
[WhiteElo "2419"]
[BlackElo "2100"]
[PlyCount "115"]
[EventDate "2019.08.18"]
[EventType "swiss"]
[EventRounds "9"]
[EventCountry "GRE"]
[SourceTitle "EXT 2020"]
[Source "ChessBase"]
[SourceDate "2019.10.17"]
[SourceVersion "1"]
[SourceVersionDate "2019.10.17"]
[SourceQuality "1"]

1. e4 c5 2. c3 d5 3. exd5 Qxd5 4. d4 Nf6 5. Nf3 e6 6. Bd3 Be7 7. 0-0 0-0 8. Qe2 Nc6 9. dxc5 Qxc5 10. Nbd2 Rd8 11. Ne4 Nxe4 12. Qxe4 Qf5 13. Qxf5 exf5 14. Bb5 Bf6 15. Be3 Ne5 16. Nxe5 Bxe5 17. Rfd1 Be6 18. Bxa7 Rxd1+ 19. Rxd1 g6 20. Bd4 Bxd4 21. cxd4 Bd5 22. a3 Rc8 23. Ba4 Ra8 24. Bc2 Rc8 25. Rd2 f4 26. f3 f5 27. Kf2 Kf7 28. Bd1 Rc1 29. Ke1 Kf6 30. Rc2 Rb1 31. Kd2 Bc6 32. b3 Bd5 33. Rc3 g5 34. b4 Ra1 35. a4 g4 36. Rc5 Ra2+ 37. Bc2 Ke6 38. Kc1 gxf3 39. gxf3 Ra3 40. Bxf5+ Kxf5 41. Rxd5+ Ke6 42. Re5+ Kd6 43. a5 Rxf3 44. Rb5 Rf2 45. Rxb7 f3 46. Rf7 Kd5 47. b5 Ra2 48. b6 Rxa5 49. b7 Rb5 50. Rf5+ Ke6 51. Rxb5 f2 52. b8Q f1Q+ 53. Kb2 Qe2+ 54. Ka3 Qe3+ 55. Rb3 Qc1+ 56. Rb2 Qa1+ 57. Ra2 Qc1+ 58. Qb2 1-0

[Event "Anogia op 8th"]
[Site "Anogia"]
[Date "2019.08.23"]
[Round "7"]
[White "Korniotis, Filippos"]
[Black "Rahul, Srivatshav P"]
[Result "1/2-1/2"]
[WhiteElo "2100"]
[BlackElo "2410"]
[PlyCount "174"]
[EventDate "2019.08.18"]
[EventType "swiss"]
[EventRounds "9"]
[EventCountry "GRE"]
[SourceTitle "EXT 2020"]
[Source "ChessBase"]
[SourceDate "2019.10.17"]
[SourceVersion "1"]
[SourceVersionDate "2019.10.17"]
[SourceQuality "1"]

1. d4 Nf6 2. c4 b6 3. Nc3 Bb7 4. d5 e5 5. Nf3 e4 6. Ng5 Bb4 7. Bd2 Bxc3 8. Bxc3 Qe7 9. Qc2 e3 10. fxe3 Nxd5 11. cxd5 Qxg5 12. Qe4+ Qe7 13. Qf4 Bxd5 14. Qd4 Qe6 15. Qxg7 Rf8 16. Qxh7 Be4 17. Qh4 f6 18. Qh5+ Ke7 19. Rg1 Nc6 20. Qh6 Rf7 21. g4 Rg8 22. Qf4 b5 23. a3 a5 24. h3 b4 25. axb4 axb4 26. Bd2 d6 27. Bg2 f5 28. g5 Rh7 29. h4 Rgh8 30. Bxe4 Qxe4 31. Rc1 Qxf4 32. exf4 Kd7 33. Rc4 Rxh4 34. Bxb4 d5 35. Rxc6 Kxc6 36. Bc3 Ra8 37. Be5 Ra1+ 38. Kf2 Rxg1 39. Kxg1 Kb6 40. Kf2 Rg4 41. b4 c6 42. e3 Kb5 43. Bd6 Kc4 44. Bc5 Kd3 45. Kf3 Kd2 46. Kf2 Kc3 47. Kf3 Kd3 48. Bd4 Rg1 49. Kf2 Rg4 50. Kf3 Kd2 51. Kf2 Kd1 52. Be5 Kc2 53. Bd4 Kd2 54. Be5 Kd3 55. Kf3 Kc4 56. Bd6 d4 57. exd4 Kxd4 58. Be5+ Kc4 59. Bd6 Kd5 60. Be5 Kc4 61. Bd6 Rh4 62. Kg3 Rh1 63. Bc5 Kd3 64. Kg2 Re1 65. Kf2 Re4 66. Kf3 Re6 67. Bf8 Re3+ 68. Kf2 Re8 69. Bd6 Re6 70. Bc5 Ke4 71. Kg3 Rg6 72. Be7 Rg7 73. Bf8 Rd7 74. g6 Rd1 75. Kg2 Rd2+ 76. Kg3 Rd3+ 77. Kh2 Kf3 78. Be7 Rd2+ 79. Kh3 Rg2 80. Bg5 Rg1 81. Kh2 Rg2+ 82. Kh3 Ra2 83. g7 Ra1 84. Kh2 Ra8 85. Kh3 Ra1 86. Kh2 Ra8 87. Kh3 Ra1 1/2-1/2

[Event "Aegean op 42nd"]
[Site "Aghios Kirykos"]
[Date "2019.07.10"]
[Round "2"]
[White "Alexakis, Dimitris"]
[Black "Korniotis, Filippos"]
[Result "1-0"]
[WhiteElo "2456"]
[BlackElo "2141"]
[PlyCount "61"]
[EventDate "2019.07.09"]
[EventType "swiss"]
[EventRounds "9"]
[EventCountry "GRE"]
[SourceTitle "EXT 2020"]
[Source "ChessBase"]
[SourceDate "2019.10.17"]
[SourceVersion "1"]
[SourceVersionDate "2019.10.17"]
[SourceQuality "1"]

1. e4 c5 2. Nf3 e6 3. d4 cxd4 4. Nxd4 Nc6 5. Nc3 Qc7 6. f4 a6 7. Nxc6 bxc6 8. Bd3 d5 9. 0-0 Nf6 10. Qe2 Be7 11. Bd2 0-0 12. Rf3 c5 13. b3 Bb7 14. Rh3 c4 15. bxc4 dxe4 16. Nxe4 Nxe4 17. Bxe4 Bxe4 18. Qxe4 g6 19. Rb1 Rac8 20. Rb7 Qc5+ 21. Kf1 Rfd8 22. Rd3 Bf6 23. Be3 Qh5 24. h3 e5 25. Kg1 Qe2 26. Kh2 Bh4 27. fxe5 Bg5 28. e6 Rxd3 29. exf7+ Kf8 30. Bxg5 Qxe4 31. Bh6# 1-0

[Event "GRE-chT 46th"]
[Site "Rio Achaia"]
[Date "2018.07.15"]
[Round "7.9"]
[White "Korniotis, Filippos"]
[Black "Michaelides, Konstantinos"]
[Result "1-0"]
[WhiteElo "2163"]
[BlackElo "2282"]
[PlyCount "129"]
[EventDate "2018.07.10"]
[EventType "team"]
[EventRounds "7"]
[EventCountry "GRE"]
[SourceTitle "CBM 185 Extra"]
[Source "ChessBase"]
[SourceDate "2018.07.29"]
[SourceVersion "1"]
[SourceVersionDate "2018.07.29"]
[SourceQuality "1"]
[WhiteTeam "Pefkis"]
[BlackTeam "Sea of Corinth Argonaut"]
[WhiteTeamCountry "GRE"]
[BlackTeamCountry "GRE"]

1. d4 Nf6 2. c4 e6 3. Nc3 Bb4 4. e3 0-0 5. Bd3 d5 6. Nf3 c5 7. 0-0 Nc6 8. cxd5 exd5 9. dxc5 Bxc5 10. h3 Re8 11. a3 Bb6 12. Ne2 Qd6 13. Bc2 Bd7 14. Bd2 Ne4 15. Bc3 Bf5 16. Bb3 Rad8 17. Bd4 Nxd4 18. Nexd4 Bd7 19. Rc1 Rc8 20. Rxc8 Rxc8 21. Ba4 g6 22. Bxd7 Qxd7 23. Qd3 Nc5 24. Qe2 Ne6 25. Qd2 a6 26. Rd1 Rd8 27. Qb4 Bc5 28. Qb3 Bxd4 29. Nxd4 Nc5 30. Qc2 Ne4 31. Nf3 Qc6 32. Qb3 Nc5 33. Qc3 Ne4 34. Qd3 Qb6 35. Nd2 Nc5 36. Qd4 Qb5 37. Nb1 Ne6 38. Qc3 Qa4 39. b3 Qb5 40. Qb2 Nc5 41. b4 Ne6 42. Nc3 Qc6 43. Ne2 Qa4 44. Rc1 Qd7 45. Rd1 Qa4 46. Rd2 h5 47. Nd4 Nc7 48. Rc2 Na8 49. Nb3 Qd7 50. Qf6 Re8 51. Nc5 Qb5 52. Rd2 Nb6 53. Rd4 Nd7 54. Nxd7 Qxd7 55. Qg5 Rc8 56. e4 Qa4 57. exd5 Qxa3 58. Kh2 Qc3 59. Qf4 Qc7 60. d6 Qd7 61. g4 hxg4 62. hxg4 Qe6 63. Qg5 Qd7 64. Rd3 Qb5 65. d7 1-0

[Event "GRE-chT 46th"]
[Site "Rio Achaia"]
[Date "2018.07.10"]
[Round "1.10"]
[White "Korniotis, Filippos"]
[Black "Samaridis, Konstantinos"]
[Result "1/2-1/2"]
[WhiteElo "2163"]
[BlackElo "2103"]
[PlyCount "92"]
[EventDate "2018.07.10"]
[EventType "team"]
[EventRounds "7"]
[EventCountry "GRE"]
[SourceTitle "CBM 185 Extra"]
[Source "ChessBase"]
[SourceDate "2018.07.29"]
[SourceVersion "1"]
[SourceVersionDate "2018.07.29"]
[SourceQuality "1"]
[WhiteTeam "Pefkis"]
[BlackTeam "Kavalas OFS"]
[WhiteTeamCountry "GRE"]
[BlackTeamCountry "GRE"]

1. d4 Nf6 2. Nf3 d5 3. c4 e6 4. Nc3 dxc4 5. e3 a6 6. a4 c5 7. Bxc4 Nc6 8. 0-0 Be7 9. Qd3 0-0 10. Rd1 Qc7 11. Qe2 b6 12. h3 Bb7 13. Bd2 Rfd8 14. Be1 Nb4 15. Rac1 Bxf3 16. Qxf3 cxd4 17. Na2 Nxa2 18. Bxa2 Qe5 19. Rxd4 Bc5 20. Rxd8+ Rxd8 21. Qe2 a5 22. Bc3 Qe4 23. Bb1 Qxa4 24. Bxf6 gxf6 25. Qh5 Kf8 26. Qxh7 Rd1+ 27. Rxd1 Qxd1+ 28. Kh2 Bd6+ 29. g3 Qf1 30. Qc2 Bb4 31. Ba2 Be1 32. Bc4 Qxf2+ 33. Qxf2 Bxf2 34. e4 a4 35. Bb5 Bd4 36. Bxa4 Bxb2 37. Kg2 Ke7 38. Kf3 f5 39. exf5 exf5 40. g4 Kf6 41. Bb3 fxg4+ 42. hxg4 b5 43. Bd5 b4 44. Bb3 Kg6 45. Ke4 f6 46. Be6 Kg5 1/2-1/2

[Event "Athens Georgiou op 1st"]
[Site "Athens"]
[Date "2017.09.10"]
[Round "8"]
[White "Korniotis, Filippos"]
[Black "Kozhuharov, Spas"]
[Result "1-0"]
[WhiteElo "2139"]
[BlackElo "2440"]
[PlyCount "121"]
[EventDate "2017.09.04"]
[EventType "swiss"]
[EventRounds "9"]
[EventCountry "GRE"]
[SourceTitle "CBM 180 Extra"]
[Source "ChessBase"]
[SourceDate "2017.10.06"]
[SourceVersion "1"]
[SourceVersionDate "2017.10.06"]
[SourceQuality "1"]

1. e4 c5 2. Nf3 d6 3. d4 Nf6 4. Nc3 cxd4 5. Qxd4 a6 6. Bg5 Nc6 7. Qd2 e6 8. 0-0-0 Bd7 9. Kb1 Be7 10. Bf4 Ng4 11. h3 Nge5 12. Nxe5 dxe5 13. Be3 b5 14. f4 exf4 15. Bxf4 Ra7 16. e5 Qb8 17. Qe3 0-0 18. Qg3 Kh8 19. Ne4 Nb4 20. Nf6 Qd8 21. Be3 Rb7 22. Qh4 gxf6 23. exf6 Bxf6 24. Qxb4 Bg7 25. Bd3 f5 26. Rhe1 a5 27. Qd6 Qf6 28. Bc1 e5 29. Be2 Bc6 30. Qc5 Bxg2 31. Rg1 Qc6 32. Be3 Be4 33. Rxg7 Qxc5 34. Bxc5 Kxg7 35. Rg1+ Kf7 36. Bh5+ Ke6 37. Bxf8 Rc7 38. Bd1 f4 39. Bh6 Rc6 40. Kc1 Bf5 41. Re1 Kd5 42. Bxf4 exf4 43. Bf3+ Kd6 44. Bxc6 Kxc6 45. Rf1 Bxh3 46. Rxf4 h5 47. Kd2 Kc5 48. a3 Be6 49. Kd3 Bd7 50. Ke4 Bg4 51. Ke5 Bd1 52. b4+ axb4 53. axb4+ Kc6 54. c3 Be2 55. Rf6+ Kd7 56. Rf2 Bg4 57. Kd5 Ke7 58. Kc5 Bd7 59. c4 bxc4 60. Kxc4 h4 61. Kc5 1-0

[Event "Athens Iraklion op 20th"]
[Site "Athens"]
[Date "2017.06.25"]
[Round "9"]
[White "Georgiev, Krum"]
[Black "Korniotis, Filippos"]
[Result "1/2-1/2"]
[WhiteElo "2357"]
[BlackElo "2143"]
[PlyCount "37"]
[EventDate "2017.06.17"]
[EventType "swiss"]
[EventRounds "9"]
[EventCountry "GRE"]
[SourceTitle "CBM 179 Extra"]
[Source "ChessBase"]
[SourceDate "2017.08.23"]
[SourceVersion "1"]
[SourceVersionDate "2017.08.23"]
[SourceQuality "1"]

1. e4 c5 2. Nf3 e6 3. g3 Nc6 4. Bg2 g6 5. 0-0 Bg7 6. c3 Nge7 7. Na3 0-0 8. Nc2 b5 9. d4 cxd4 10. Nfxd4 Nxd4 11. Nxd4 Rb8 12. Bg5 h6 13. Be3 Kh7 14. Qd2 Bb7 15. Nb3 a5 16. Qd6 Nc6 17. Rad1 Ne5 18. Bf4 Qf6 19. Nc5 1/2-1/2

[Event "Athens Iraklion op 20th"]
[Site "Athens"]
[Date "2017.06.22"]
[Round "6"]
[White "Loutragotis, Dimitrios"]
[Black "Korniotis, Filippos"]
[Result "1-0"]
[WhiteElo "2143"]
[BlackElo "2143"]
[PlyCount "67"]
[EventDate "2017.06.17"]
[EventType "swiss"]
[EventRounds "9"]
[EventCountry "GRE"]
[SourceTitle "CBM 179 Extra"]
[Source "ChessBase"]
[SourceDate "2017.08.23"]
[SourceVersion "1"]
[SourceVersionDate "2017.08.23"]
[SourceQuality "1"]

1. e4 e6 2. d4 d5 3. Nd2 Nf6 4. e5 Nfd7 5. Bd3 c5 6. c3 Nc6 7. Ne2 Qb6 8. Nf3 cxd4 9. cxd4 Bb4+ 10. Kf1 Be7 11. h4 f5 12. Rh3 Nf8 13. Rg3 g6 14. h5 Bd7 15. a3 0-0-0 16. Bg5 Kb8 17. b4 Bxg5 18. Nxg5 Be8 19. hxg6 hxg6 20. Kg1 Nxd4 21. Nf4 Rh4 22. Ngh3 Nc6 23. Rc1 Nxe5 24. Bf1 Ng4 25. Rgc3 g5 26. Qc2 Bd7 27. Nd3 Qd6 28. g3 Ne3 29. fxe3 Qxg3+ 30. Bg2 Rxh3 31. Nc5 Rh8 32. Nxb7 Kxb7 33. Rc7+ Kb8 34. Qc5 1-0

[Event "Athens Iraklion op 19th"]
[Site "Athens"]
[Date "2016.06.24"]
[Round "7"]
[White "Korniotis, Filippos"]
[Black "Petrakis, Ilias"]
[Result "1-0"]
[WhiteElo "2095"]
[BlackElo "2183"]
[PlyCount "69"]
[EventDate "2016.06.18"]
[EventType "swiss"]
[EventRounds "9"]
[EventCountry "GRE"]
[SourceTitle "CBM 173 Extra"]
[Source "ChessBase"]
[SourceDate "2016.08.29"]
[SourceVersion "1"]
[SourceVersionDate "2016.08.29"]
[SourceQuality "1"]

1. d4 d5 2. c4 dxc4 3. Nf3 Nf6 4. e3 Bg4 5. Bxc4 e6 6. Qb3 Bxf3 7. gxf3 Qc8 8. Nc3 c6 9. e4 Nbd7 10. Be3 Nb6 11. Be2 Qc7 12. a4 Be7 13. a5 Nbd7 14. e5 Nd5 15. Nxd5 cxd5 16. f4 g6 17. Bd2 0-0 18. h4 Rfc8 19. Rc1 Qxc1+ 20. Bxc1 Rxc1+ 21. Bd1 b6 22. h5 Rac8 23. hxg6 fxg6 24. f5 R8c4 25. fxe6 Nf8 26. Qf3 Bb4+ 27. Kf1 Rxd1+ 28. Qxd1 Nxe6 29. Qg4 Rc6 30. axb6 axb6 31. Qf3 Nc7 32. Qh3 h5 33. Qd7 Rc1+ 34. Kg2 Rc2 35. e6 1-0

[Event "Nikaia op 23rd"]
[Site "Nikaia"]
[Date "2015.09.04"]
[Round "9"]
[White "Korniotis, Filippos"]
[Black "Nikolaou, Georgios"]
[Result "1/2-1/2"]
[WhiteElo "2006"]
[BlackElo "2317"]
[PlyCount "99"]
[EventDate "2015.08.26"]
[EventType "swiss"]
[EventRounds "9"]
[EventCountry "GRE"]
[SourceTitle "EXT 2016"]
[Source "ChessBase"]
[SourceDate "2015.10.08"]
[SourceVersion "1"]
[SourceVersionDate "2015.10.08"]
[SourceQuality "1"]

1. d4 Nf6 2. c4 g6 3. Nc3 Bg7 4. e4 d6 5. f3 0-0 6. Be3 c5 7. Nge2 Nc6 8. d5 Ne5 9. Ng3 h5 10. Be2 h4 11. Nf1 e6 12. f4 Neg4 13. Bxg4 Nxg4 14. Qxg4 exd5 15. f5 d4 16. Nd5 dxe3 17. Nfxe3 Bh6 18. g3 Qg5 19. gxh4 Qxg4 20. Nxg4 Bg7 21. Ne7+ Kh7 22. Nxc8 gxf5 23. Nxd6 fxg4 24. 0-0-0 Bd4 25. Rhf1 Kg6 26. Rd3 Rad8 27. Nxb7 Bxb2+ 28. Kc2 Rxd3 29. Kxd3 Be5 30. Ke3 Rh8 31. Rf5 f6 32. h5+ Rxh5 33. Rxh5 Bd4+ 34. Kf4 Kxh5 35. Kg3 Kg5 36. a4 Be5+ 37. Kg2 Bd4 38. Kg3 Be5+ 39. Kg2 Kf4 40. Nxc5 Bd6 41. Na6 Ke3 42. c5 Bxh2 43. c6 Bd6 44. c7 Bxc7 45. Nxc7 Kxe4 46. Nb5 a5 47. Kg3 Kd5 48. Kxg4 Kc5 49. Kf5 Kb4 50. Na7 1/2-1/2

[Event "Nikaia op 23rd"]
[Site "Nikaia"]
[Date "2015.09.01"]
[Round "6"]
[White "Korniotis, Filippos"]
[Black "Kouskoutis, Georgios Alexandros"]
[Result "0-1"]
[WhiteElo "2006"]
[BlackElo "2128"]
[PlyCount "73"]
[EventDate "2015.08.26"]
[EventType "swiss"]
[EventRounds "9"]
[EventCountry "GRE"]
[SourceTitle "EXT 2016"]
[Source "ChessBase"]
[SourceDate "2015.10.08"]
[SourceVersion "1"]
[SourceVersionDate "2015.10.08"]
[SourceQuality "1"]

1. d4 Nf6 2. c4 e6 3. Nf3 c5 4. d5 d6 5. Nc3 exd5 6. cxd5 g6 7. e4 a6 8. a4 Bg7 9. Be2 0-0 10. Nd2 Re8 11. 0-0 Nbd7 12. Qc2 Qe7 13. f4 h5 14. h3 Rb8 15. a5 b5 16. axb6 Nxb6 17. Bf3 Qc7 18. Kh1 Nfd7 19. e5 dxe5 20. f5 Nf8 21. fxg6 fxg6 22. Be4 Qd6 23. Na4 Nxa4 24. Nc4 Qd8 25. Rxa4 Bb7 26. Ne3 Qd6 27. Ra3 Re7 28. Rc3 Rc8 29. Nc4 Qc7 30. d6 Bxe4 31. Qe2 Qc6 32. dxe7 Ne6 33. Nd6 Qxd6 34. Qxe4 Nd4 35. Rg3 Nf5 36. Rxf5 Re8 37. Bg5 0-1

[Event "Isthmia op 5th"]
[Site "Loutraki"]
[Date "2015.08.22"]
[Round "5"]
[White "Papadopoulos, Georgios Vas"]
[Black "Korniotis, Filippos"]
[Result "1-0"]
[WhiteElo "2318"]
[BlackElo "2006"]
[PlyCount "109"]
[EventDate "2015.08.18"]
[EventType "swiss"]
[EventRounds "9"]
[EventCountry "GRE"]
[SourceTitle "EXT 2016"]
[Source "ChessBase"]
[SourceDate "2015.10.08"]
[SourceVersion "1"]
[SourceVersionDate "2015.10.08"]
[SourceQuality "1"]

1. d4 Nf6 2. c4 e6 3. Nf3 d5 4. Nc3 Bb4 5. Bg5 0-0 6. e3 Nbd7 7. cxd5 exd5 8. Bd3 c5 9. 0-0 Qa5 10. Qc2 h6 11. Bh4 Re8 12. dxc5 Bxc3 13. bxc3 g5 14. Bg3 Nxc5 15. Nd4 Nce4 16. c4 Bd7 17. Nb3 Qc3 18. Qxc3 Nxc3 19. c5 Nfe4 20. Rfc1 Rac8 21. f3 Nxg3 22. Rxc3 Nf5 23. e4 dxe4 24. Bxe4 Nd6 25. Bd5 Be6 26. Bxe6 Rxe6 27. Nd4 Re5 28. Rac1 Nf5 29. c6 bxc6 30. Nxc6 Re6 31. Rc5 Nd6 32. Nxa7 Re1+ 33. Rxe1 Rxc5 34. Rd1 Nb5 35. Nxb5 Rxb5 36. a4 Ra5 37. Ra1 Kg7 38. Kf2 Kf6 39. Ke3 Ke5 40. Kd3 Kd5 41. Kc3 Kc5 42. Kb3 Kb6 43. Kb4 Rd5 44. Ra2 Rd4+ 45. Kc3 Rd1 46. Rd2 Rc1+ 47. Kd4 Re1 48. h3 Re7 49. Rf2 h5 50. Rb2+ Kc6 51. Rb5 f6 52. h4 Ra7 53. Rc5+ Kd6 54. a5 Rg7 55. a6 1-0

[Event "Isthmia op 5th"]
[Site "Loutraki"]
[Date "2015.08.21"]
[Round "4"]
[White "Korniotis, Filippos"]
[Black "Dimitrov, Atanas Valtchev"]
[Result "0-1"]
[WhiteElo "2006"]
[BlackElo "2319"]
[PlyCount "84"]
[EventDate "2015.08.18"]
[EventType "swiss"]
[EventRounds "9"]
[EventCountry "GRE"]
[SourceTitle "EXT 2016"]
[Source "ChessBase"]
[SourceDate "2015.10.08"]
[SourceVersion "1"]
[SourceVersionDate "2015.10.08"]
[SourceQuality "1"]

1. d4 Nf6 2. c4 c5 3. d5 b5 4. cxb5 a6 5. b6 e6 6. Nc3 Bb7 7. e4 exd5 8. exd5 d6 9. Nf3 Nbd7 10. Bg5 Be7 11. Bc4 Nxb6 12. 0-0 0-0 13. Bb3 c4 14. Bc2 h6 15. Bxf6 Bxf6 16. Be4 Rc8 17. Nd4 Rc5 18. Nf5 Bxc3 19. bxc3 Bxd5 20. Qd4 Qf6 21. Qxf6 gxf6 22. Nxd6 Rd8 23. Bxd5 Rxd6 24. Be4 Na4 25. Rac1 Rd2 26. Bb7 a5 27. Rfe1 Rxa2 28. Re8+ Kg7 29. Re3 Re5 30. Rg3+ Rg5 31. Rf3 Nc5 32. Bc8 Nd3 33. Rb1 Rb2 34. Rd1 Rgb5 35. Kf1 Rb1 36. Rxb1 Rxb1+ 37. Ke2 Rb2+ 38. Ke3 a4 39. Ba6 Ne5 40. Rf4 Rb3 41. Kd2 a3 42. Bxc4 a2 0-1

[Event "Paleochora op 8th"]
[Site "Paleochora"]
[Date "2015.07.19"]
[Round "4"]
[White "Korniotis, Filippos"]
[Black "Skembris, Spyridon"]
[Result "0-1"]
[WhiteElo "1990"]
[BlackElo "2422"]
[PlyCount "102"]
[EventDate "2015.07.17"]
[EventType "swiss"]
[EventRounds "9"]
[EventCountry "GRE"]
[SourceTitle "CBM 167 Extra"]
[Source "ChessBase"]
[SourceDate "2015.09.14"]
[SourceVersion "1"]
[SourceVersionDate "2015.09.14"]
[SourceQuality "1"]

1. d4 g6 2. c4 Bg7 3. e4 c5 4. d5 d6 5. h3 Nf6 6. Nc3 b5 7. cxb5 a6 8. b6 Nbd7 9. Nf3 0-0 10. a4 a5 11. Bb5 Nxb6 12. 0-0 Ba6 13. Bxa6 Rxa6 14. Qe2 Ra8 15. Rd1 Nfd7 16. Bf4 Qb8 17. Re1 Qb7 18. Qb5 f6 19. h4 h5 20. Bd2 Kh7 21. Qe2 Bh6 22. Nb5 Bxd2 23. Nxd2 Ne5 24. b3 Qc8 25. f4 Ng4 26. Nc4 Nxc4 27. bxc4 Qd7 28. Rab1 Rab8 29. Qd2 Rg8 30. Ra1 Ra8 31. Ra3 Rgd8 32. Rd3 Rdb8 33. Rg3 Rb7 34. Rd3 Qc8 35. Rg3 Qh8 36. Qc2 Qg7 37. Rf3 Rf8 38. Qc3 g5 39. Qxa5 gxf4 40. Rxf4 Ne5 41. Qc3 Rg8 42. Re2 Rbb8 43. Rf5 Qg4 44. Rxe5 fxe5 45. Qd2 Ra8 46. Nc3 Qxh4 47. Rf2 Rgf8 48. Rxf8 Rxf8 49. a5 Qf4 50. Qe2 Kg6 51. Nd1 Ra8 0-1